Tasks in primary mathematics teacher education: purpose, use and exemplars

Salvato in:
Dettagli Bibliografici
Autore principale: Clarke, Barbara (editora)
Altri autori: Grevholm, Barbro (Redattore), Millman, Richard S. (Redattore)
Natura: Libro
Lingua:inglese
Pubblicazione: Nueva York Springer 2009
Edizione:1a. ed
Serie:Mathematics Teacher Education, 4
Soggetti:
Tags: Aggiungi Tag
Nessun Tag, puoi essere il primo ad aggiungerne!!

MARC

LEADER 00000cam a2200000 a 4500
001 UCF5085
003 CL-VaPUC
005 20240705074025.0
008 130117e20090000US |||||||||||||||||eng|d
999 |c 350698  |d 350696 
020 |a 9781441935090 
040 |c Pontificia Universidad Católica de Valparaíso 
082 0 4 |a 372.7  |b CLA  |2 21 
100 1 |a Clarke, Barbara  |e editora  |9 865830 
245 1 0 |a Tasks in primary mathematics teacher education: purpose, use and exemplars 
250 |a 1a. ed 
260 |a Nueva York  |b Springer  |c 2009 
300 |a 309 p 
490 0 |a Mathematics Teacher Education, 4 
583 |a last modification  |c 20130117 11:37:00  |k Rodrigo Vera 
650 0 |a Matemáticas  |x Enseñanza  |9 875527 
650 0 |a Educación básica   |9 224933 
650 0 |a Planificación del currículo  |9 269599 
650 0 |a Capacitación docente  |9 312871 
650 0 |a Rol del docente  |9 329733 
700 0 |a Grevholm, Barbro  |e editor  |9 865831 
700 0 |a Millman, Richard S.  |e editor  |9 865832 
942 |c BK  |2 ddc 
945 |d 20130117 00:00:00  |a cmena 
952 |0 0  |1 0  |4 0  |6 372_700000000000000_CLA_2009  |7 0  |8 A  |9 454272  |a BIBMAT  |b BIBMAT  |c E_DIDACT  |d 2019-11-22  |i 4941810  |o 372.7 CLA 2009  |p 4941810  |r 2025-01-07  |w 2019-11-22  |y BK  |k MAT